Changing The Lens: (Record no. 211956)

MARC details
000 -LEADER
fixed length control field 00651nam a22001937a 4500
005 - DATE AND TIME OF LATEST TRANSACTION
control field 20250625154944.0
010 ## - LCCN (DPL NO)
LC control number ENG-145562
020 ## - INTERNATIONAL STANDARD BOOK NUMBER
International Standard Book Number 9788119670949
Terms of availability 495.00
035 ## - SYSTEM CONTROL NUMBER
System control number EN-129094
037 ## - SOURCE OF ACQUISITION
Source of stock number/acquisition DBAD
082 ## - DEWEY DECIMAL CLASSIFICATION NUMBER
Classification number 181.4
Edition number 1
100 ## - MAIN ENTRY--PERSONAL NAME
Personal name Khullar, Ruplekha
245 ## - TITLE STATEMENT
Title Changing The Lens:
Remainder of title Exploring The Depths Of Film And Philosophy/
Statement of responsibility, etc Ruplekha Khullar [and] Sulagha Pal
260 ## - PUBLICATION, DISTRIBUTION, ETC. (IMPRINT)
Place of publication, distribution, etc New Delhi
Name of publisher, distributor, etc Vitasta Publishing
Date of publication, distribution, etc 2024
270 ## - ADDRESS
Address 2/15,Ansari Road,Daryaganj,
City New Delhi
Postal code 110002
Electronic mail address vitastapublishing.com
300 ## - PHYSICAL DESCRIPTION
Extent xxi, 170p.
Dimensions 21cm(Hb)
700 ## - ADDED ENTRY--PERSONAL NAME
Personal name Pal, Sulagha
9 (RLIN) 82356
942 ## - ADDED ENTRY ELEMENTS (KOHA)
Source of classification or shelving scheme Dewey Decimal Classification
Item type English Books
Classification part 181.4
Call number suffix KHU
Holdings
Withdrawn status Lost status Not for loan Collection code Home library Current library Date acquired Source of acquisition Cost, normal purchase price Full call number Barcode Copy number Cost, replacement price Koha item type
      Non-fiction Sarojini Nagar Sarojini Nagar 25/06/2025 Delivery of Books Act Division 495.00 181.4 KHU EN-129094 1 495.00 English Books

© Delhi Public Library
Hit Counter
free hit counter